000 00532nam a2200169 4500
999 _c171543
_d171543
005 20200115121030.0
010 _aENG-127378
020 _a9789352877393
_c125.00
035 _aEN-110910
037 _bDBAD/PUB
082 _a480
245 _aEnglish for Advancement :
_ceditied by V.Srinivas
_b /
260 _aHyderabad
_bOrient Blackswan
_cHyderabad
270 _aOrient Blackswan 3-6-752 Himayatnagar
_bJaipur
_e302003
_mBookenclave@yahoo.com
300 _aVII;155p.
_c24cm(pbk)
942 _2ddc
_cEN
_h480
_mENG